UBT Library

THE RED CELL (Record no. 58350)

000 -LEADER
fixed length control field 00277nam a22001337a 4500
008 - FIXED-LENGTH DATA ELEMENTS--GENERAL INFORMATION
fixed length control field 221005b ||||| |||| 00| 0 eng d
041 ## - LANGUAGE CODE
Language code of text/sound track or separate title eng
080 ## - UNIVERSAL DECIMAL CLASSIFICATION NUMBER
Universal Decimal Classification number 61
082 ## - DEWEY DECIMAL CLASSIFICATION NUMBER
Classification number 61 HARR
100 ## - Rafti
Rafti 4
101 ## - Shkurtesa
Shkurtesa MJEKSI
245 ## - TITLE STATEMENT
Title THE RED CELL
Statement of responsibility, etc HARRIS W.J
942 ## - ADDED ENTRY ELEMENTS (KOHA)
Source of classification or shelving scheme
Item type Books
Holdings
Withdrawn status Lost status Source of classification or shelving scheme Damaged status Not for loan Collection code Permanent location Current location Date acquired Total Checkouts Full call number Barcode Date last seen Price effective from Koha item type
          Koleksioni i përgjithshem UBT - Lipjan UBT - Lipjan 10/05/2022   61 HARR 002-8000287006 10/05/2022 10/05/2022 Books
UBT Library © 2015-2024. All rights reserved University Education for Business and Technology